000
00259 a2200097 4500
001
55470
100
_a
245
_a
Heat, light and sound ; latest portfolio of theory and practice
260
_a
New Delhi
_b
Doare broth.
_c
2003
090
_c
34423
_d
34423
942
_a
NUST-CAE
_c
MONOGRAPH
_c
27140
999
_c
290543
_d
290543